00568nam a2200193 a 4500001001300000003000900013005001700022008004100039020001000080082001800090100001900108245007400127260005100201300001000252500003500262505001800297650004000315700001900355nice12345678IN_TiNIC20260116011520.0050524s1937 lona grp 000 0 eng  ac10000a291.172bCAS2 aCash, W Wilson aChristendom and Islamb Their Contacts and Cultures Down the Ceturies aLondonbStudent Christian Movement Pressc1937 a196p. aincludes index and biblioraphy2 aIndex, Illus. aInterfaith Dialogue-Muslim Christia1 aCash, W Wilson